01414nam a2200349Ia 4500001001200000003000800012006001900020007001500039008004100054010001700095020004300112040002100155035002100176050002200197082001200219245014000231260005200371300002300423490003300446504005100479533015200530650001500682650004800697650004400745655002900789700002800818700002400846710001700870830003400887856012600921999001701047ebr10415705CaPaEBRm u cr cn|||||||||100706s2010 gw a sb 001 0 eng d z 2010028043 z9783110226539 (hardcover : alk. paper) aCaPaEBRcCaPaEBR a(OCoLC)66582815214aP271b.S46 2010eb04a41522204aThe semantics of nominalizations across languages and frameworksh[electronic resource] /cedited by Monika Rathert, Artemis Alexiadou. aBerlin ;aNew York :bMouton de Gruyter,c2010. axi, 250 p. :bill.1 aInterface explorations ;v22 aIncludes bibliographical references and index. aElectronic reproduction.bPalo Alto, Calif. :cebrary,d2011.nAvailable via World Wide Web.nAccess may be limited to ebrary affiliated libraries. 0aSemantics. 0aGrammar, Comparative and generalxNominals. 0aGrammar, Comparative and generalxNoun. 7aElectronic books.2local1 aRathert, Monika,d1972-1 aAlexiadou, Artemis.2 aebrary, Inc. 0aInterface explorations ;v22.40uhttp://site.ebrary.com/lib/rucke/Doc?id=10415705zAn electronic book accessible through the World Wide Web; click to view c86102d86102